000 00390nam a2200145Ia 4500
008 230917s9999||||xx |||||||||||||| ||und||
040 _e153105
_aMAIN
041 _aEnglish
082 _a294.6 G537H:G
100 _aHarbans Singh
245 0 _aGuru Govind Singh Bhagved-pad jeevanetivritam
260 _aChandigarh
_bGuru Govind Singh Foundation
_c1966
300 _a215 p.
942 _cBK
999 _c226134
_d226134